Online katalóg knižníc regiónu Turca

Láska z nebies (Record no. 22258)

MARC details
000 -LEADER
fixed length control field 01860cam a2200553 a 4500
001 - CONTROL NUMBER
control field 22258
003 - CONTROL NUMBER IDENTIFIER
control field VRT
005 - DATE AND TIME OF LATEST TRANSACTION
control field 20260324144558.0
008 - FIXED-LENGTH DATA ELEMENTS--GENERAL INFORMATION
fixed length control field 240318s2014 xo g 000 m slo
015 ## - NATIONAL BIBLIOGRAPHY NUMBER
National bibliography number SNBA2014/10
020 ## - INTERNATIONAL STANDARD BOOK NUMBER
International Standard Book Number 9788055139869
Qualifying information (viaz.)
035 ## - SYSTEM CONTROL NUMBER
System control number A2197AF4-A1CE-4CAA-8DB1-9068BC79CD54
035 ## - SYSTEM CONTROL NUMBER
System control number urn:nbn:sk:snk-am3h6kk
035 ## - SYSTEM CONTROL NUMBER
System control number urn:nbn:sk:snk-am008xrp
039 #9 - LEVEL OF BIBLIOGRAPHIC CONTROL AND CODING DETAIL [OBSOLETE]
Level of rules in bibliographic description 202403181355
Level of effort used to assign nonsubject heading access points VLOAD
Level of effort used to assign subject headings 201806011101
Level of effort used to assign classification VLOAD
Level of effort used to assign subject headings 201604291420
Level of effort used to assign classification VLOAD
Level of effort used to assign subject headings 201604271742
Level of effort used to assign classification VLOAD
040 ## - CATALOGING SOURCE
Original cataloging agency PPPK
Language of cataloging slo
Transcribing agency PPPK
Modifying agency SNK
Description conventions AACR2
041 1# - LANGUAGE CODE
Language code of text/sound track or separate title slo
Language code of original eng
043 ## - GEOGRAPHIC AREA CODE
Geographic area code e-ie---
044 ## - COUNTRY OF PUBLISHING/PRODUCING ENTITY CODE
MARC country code xo
ISO country code SK
072 #7 - SUBJECT CATEGORY CODE
Subject category code 2
Subject category code subdivision Náboženstvo
Source konspekt
072 #7 - SUBJECT CATEGORY CODE
Subject category code 929
Subject category code subdivision Biografie
Source konspekt
080 ## - UNIVERSAL DECIMAL CLASSIFICATION NUMBER
Universal Decimal Classification number 2-587-055.2
Edition identifier 2001
080 ## - UNIVERSAL DECIMAL CLASSIFICATION NUMBER
Universal Decimal Classification number 2-423.79
Edition identifier 2001
080 ## - UNIVERSAL DECIMAL CLASSIFICATION NUMBER
Universal Decimal Classification number 2-167.2
Edition identifier 2001
080 ## - UNIVERSAL DECIMAL CLASSIFICATION NUMBER
Universal Decimal Classification number (0:82-322.6)
Edition identifier 2001
080 ## - UNIVERSAL DECIMAL CLASSIFICATION NUMBER
Universal Decimal Classification number 929
Edition identifier 2001
080 ## - UNIVERSAL DECIMAL CLASSIFICATION NUMBER
Universal Decimal Classification number 177.6
Edition identifier 2001
100 1# - MAIN ENTRY--PERSONAL NAME
Personal name Byrne, Lorna,
Dates associated with a name 1953-
Relationship aut
240 10 - UNIFORM TITLE
Uniform title Love From Heaven
Language of a work Slovensky
245 10 - TITLE STATEMENT
Title Láska z nebies
Statement of responsibility, etc. Lorna Byrneová ; [z anglického originálu ... preložila Daniela Kotmanová]
260 ## - PUBLICATION, DISTRIBUTION, ETC.
Place of publication, distribution, etc. Bratislava
Name of publisher, distributor, etc. Ikar
Date of publication, distribution, etc. 2014
300 ## - PHYSICAL DESCRIPTION
Extent 189 s.
Dimensions 21 cm
650 07 - SUBJECT ADDED ENTRY--TOPICAL TERM
Topical term or geographic name entry element mystici
Source of heading or term SNKPH
650 07 - SUBJECT ADDED ENTRY--TOPICAL TERM
Topical term or geographic name entry element láska
Source of heading or term SNKPH
650 07 - SUBJECT ADDED ENTRY--TOPICAL TERM
Topical term or geographic name entry element anjeli
Source of heading or term SNKPH
650 07 - SUBJECT ADDED ENTRY--TOPICAL TERM
Topical term or geographic name entry element Women mystics
Geographic subdivision Ireland
Chronological subdivision 20th-21st centuries
Source of heading or term SNKPHeng
650 07 - SUBJECT ADDED ENTRY--TOPICAL TERM
Topical term or geographic name entry element Love
Source of heading or term SNKPHeng
650 07 - SUBJECT ADDED ENTRY--TOPICAL TERM
Topical term or geographic name entry element Angels
Source of heading or term SNKPHeng
655 #7 - INDEX TERM--GENRE/FORM
Genre/form data or focus term autobiografické príbehy
Source of term SNKPH
655 #7 - INDEX TERM--GENRE/FORM
Genre/form data or focus term Autobiographical stories
Source of term SNKPHeng
700 1# - ADDED ENTRY--PERSONAL NAME
Personal name Kotmanová, Daniela
Relationship trl
910 ## - USER-OPTION DATA (OCLC)
User-option data sllk
942 ## - ADDED ENTRY ELEMENTS (KOHA)
Source of classification or shelving scheme Dewey Decimal Classification
Koha item type Krásna literatúra pre dospelých
Suppress in OPAC No
949 ## - LOCAL PROCESSING INFORMATION (OCLC)
6 2889213614
a savukPV 19203
b savuk2014/2519
949 ## - LOCAL PROCESSING INFORMATION (OCLC)
6 270001000455972
a svkbbA 142595
b svkbbm 747632
949 ## - LOCAL PROCESSING INFORMATION (OCLC)
6 17A1116326
a snkSC 161095
b snk2014/20220
o 2021/14
s 6100:20140925
949 ## - LOCAL PROCESSING INFORMATION (OCLC)
6 17A1119960
a snkSC 161095 D1
b snk2014/25495
o 2021/14
949 ## - LOCAL PROCESSING INFORMATION (OCLC)
6 273K0586480
a svkpoA 224825
b svkpo583279
Holdings
Stav vyradenia Strata Poškodenie Spôsob nadobudnutia Domovská knižnica Aktuálna knižnica Dátum nadobudnutia Cena Total checkouts Čiarový kód exemplára Date last seen Typ exemplára
      Kúpa Obecná knižnica Horná Štubňa Obecná knižnica Horná Štubňa 24.03.2026 8.90   9788055139869 24.03.2026 Krásna literatúra pre dospelých
Projekt je podporený Slovenskou asociáciou knižníc
Prevádzkuje Turčianska knižnica Martin 2026